| 000 | 01182cab a2200205 4500 | ||
|---|---|---|---|
| 001 | L130173 | ||
| 008 | 050630n2005 000 0 eng u | ||
| 035 | _a(Sirsi) u130173 | ||
| 041 | _aeng | ||
| 100 | _aMurdoch, John | ||
| 245 | 4 | _aThe company one keeps | |
| 260 | _c2005 | ||
| 490 |
_aEstates Gazette _v(0524) 18 June 2005, 177(1) |
||
| 520 | _aConsiders the implications of the county court case, "Christie Owen and Davies plc v Ryelance" ([2005] 18 EG 148 (CS)), concerning the marketing of a care home. The case raised two points of general interest: firstly, the meaning of sole selling rights within the statutory definition contained in the Estate Agents (Provision of Information) Regulations 1991, in particular clause 5(b) and the meaning of an agent's introduction in this context and secondly, that commission may be payable despite the purchaser using an alternative vehicle for purchasing the property. | ||
| 590 | _aIKA040705 | ||
| 650 | _aCHRISTIE OWEN AND DAVIES PLC V RYELANCE | ||
| 650 | _aESTATE AGENTS PROVISION OF INFORMATION REGULATIONS 1991 | ||
| 690 | _aPROPERTY-COMMERCIAL PROPERTY-ACQUISITION AND DISPOSAL OF COMMERCIAL PROPERTY | ||
| 942 | _n0 | ||
| 999 |
_c75485 _d75485 |
||